000
00354nam a2200145 a 4500
005
20140414093841.0
008
071006s19uu xx 00 eng d
050
_a
VCD 790
_b
LIO 1968
245
_a
Lion in the winter.
260
_a
Quezon City :
_b
Magnavision,
_c
1968.
300
_a
2 videodisks
650
_a
Film.
942
_c
AVM
999
_c
109281
_d
109281